| 000 | 00698nam a22002057a 4500 | ||
|---|---|---|---|
| 003 | 0 | ||
| 005 | 20240809102626.0 | ||
| 008 | 240809b xxu||||| |||| 00| 0 eng d | ||
| 020 | _a978-98468-521-6 | ||
| 050 |
_aRT 48 _b.T57 2024 |
||
| 110 | _a3G E-Learning | ||
| 245 |
_aNurse digest: _bguide to head-to-toe physical asessment _c3G E-Learning |
||
| 260 |
_aNew York, New York _b3G E-Learning, LLC _c2024 |
||
| 300 |
_axv, 331 pages : _bcolored illustrations and pictures ; _c24cm. |
||
| 504 | _aIncludes bibliographical references, glossary, and index. | ||
| 650 | _aNursing assessment. | ||
| 650 | _aNurisng and patient. | ||
| 650 | _aPhysical assessment, Nursing. | ||
| 942 |
_2lcc _cBK |
||
| 999 |
_c366070 _d366070 |
||